[Event "Chessung Gp3"]
[Site "Guantanamo"]
[Date "2017.02.23"]
[Round "10.1"]
[White "Saiz Rodriguez, Daniel Evelio"]
[Black "Parra Fayad, Yamall"]
[Result "1-0"]
[WhiteElo "2082"]
[BlackElo "1876"]
[PlyCount "51"]
[EventDate "2017.02.16"]
[EventType "tourn"]
[EventRounds "10"]
[EventCountry "CUB"]
[SourceTitle "EXT 2023"]
[Source "ChessBase"]
[SourceDate "2022.10.05"]
[SourceVersion "1"]
[SourceVersionDate "2022.10.05"]
[SourceQuality "1"]

1. e4 c5 2. Nf3 Nc6 3. Nc3 g6 4. d4 cxd4 5. Nxd4 Bg7 6. Be3 Nf6 7. Bc4 0-0 8. Bb3 d6 9. f3 Bd7 10. Qd2 Rc8 11. g4 Ne5 12. h4 h5 13. gxh5 Nxh5 14. 0-0-0 b5 15. Nd5 a5 16. Bg5 Re8 17. Nf4 Nc4 18. Bxc4 Rxc4 19. Nxh5 Rxd4 20. Qg2 Rxd1+ 21. Rxd1 Kh7 22. Nf4 Rg8 23. h5 gxh5 24. Qh2 Bxb2+ 25. Kb1 Rxg5 26. Nxh5 1-0